01015nam a2200241 a 450000100060000000300080000600500170001400800410003103500190007204000270009104100080011808200210012610000390014724500910018626000320027730000210030965000290033094200120035999900170037195201300038895201360051895201190065419238BD-RjUL20211209000414.0140223s1920 enk 00001 eng d a(BD-RjUL)19296 aANLcANLbengdBD-RjUL aeng00a821.04bNEE 19201 aNewbolt, Henry,d1862-1938.95918610aEnglish ballads and short narrative poems :bwith an introduction /cby Henry Newbolt. aLondon :bE. Arnold,c1920. a191 p. ;c18 cm. 0aBallads, English.959187 2ddccBK c19238d19238 00102ddc40708NFICaRUCLbRUCLcStackd1966-05-04eAustralial0o821.04 NEE 1920r2014-02-23 00:00:00tC-2w2021-12-09yBK 00102ddc40718NFICaRUCLbRUCLcReadingd1965-08-19eUnknowng0.00l0o821.04 NEE 1920r2014-02-26 00:00:00tC-1w2021-12-09yBK 00102ddc40708NFICaRUCLbRUCLcStackd2020-01-15l0o821.04 NEE 1920r2020-01-15 00:00:00tC-3w2020-01-15yBK